| 000 | 00954nam a22002897a 4500 | ||
|---|---|---|---|
| 001 | 000437 | ||
| 003 | DO-SdBPM | ||
| 005 | 20250120091120.0 | ||
| 007 | 000437 | ||
| 008 | 160829b2001 sp ||| 00| 0 spa d | ||
| 020 | _a8481302562 | ||
| 040 |
_aDO-SdBPM _bspa _cBPMSU |
||
| 082 | 4 |
_aA863.6 _bP979b 2001 _222 |
|
| 100 | 1 |
_aPuig, Manuel. _d1932-1990. |
|
| 245 | 1 | 0 |
_aEl beso de la mujer araña / _cManuel Puig ; prólogo de Pepe Martín. |
| 260 |
_a[Barcelona] : _bBibliotex, _c2001. |
||
| 300 |
_a253 p. ; _c21 cm. |
||
| 490 | 0 |
_aMillenium., Las mejores novelas en castellano del siglo XX ; _aBiblioteca El mundo, _v15 |
|
| 500 | _3Incluye datos biográficos del autor en la solapa del protector | ||
| 590 | _aInventariado, 2025/VM | ||
| 650 | 4 | _aNovela argentina | |
| 650 | 4 |
_aHomosexualidad _vNovela. |
|
| 700 | 1 |
_aMartín, Pepe, _eprólogo |
|
| 830 | 0 | _aBiblioteca El mundo | |
| 910 | _aVMateo V. Control de calidad. BPMSU | ||
| 942 |
_2ddc _cBK |
||
| 999 |
_c11200 _d11200 |
||